| 000 | 006990000a22002890004500 | ||
|---|---|---|---|
| 650 | _aMathematical logic | ||
| 650 | _aKnowledge | ||
| 650 | _aProbability theory | ||
| 650 | _aExpert system | ||
| 650 | _aIntelligence | ||
| 650 | _aInformation theory | ||
| 650 | _aArtificial intelligence | ||
| 650 | _aFuzzy control | ||
| 082 |
_a511.3 _bD83i _cT |
||
| 518 | _a20020311 | ||
| 530 | _aM | ||
| 100 | _aDriankov, Dimiter | ||
| 100 | _aHellendoorn, Hans | ||
| 100 | _aReinfrank, Michael | ||
| 245 | _aAn introduction to fuzzy control | ||
| 020 | _a3-540-60691-2 | ||
| 260 |
_aBerlin _bSpringer, DE |
||
| 260 | _c1993 | ||
| 041 | _aEng | ||
| 300 |
_a316p. _billus. |
||
| 942 | _cGEN | ||
| 999 |
_c26165 _d26165 |
||